000 00513 a2200157 4500
999 _c9209
_d9209
020 _a9789811080241
050 _aKNQ 1672 HE 2018
110 _aJiahong He
245 0 0 _aMethodology of judicial proof and presumption.
_cJiahong He
264 1 _aNew York, NY :
_bSpringer Berlin Heidelberg,
_c2018.
300 _a280p.:
440 _aMasterpieces of contemporary jurisprudents in China
500 _aIncludes bibliographic references
650 _aContemporary jurisprudence
942 _2lcc
_cBK
_e1st
_h1672
_iHE
_kKNQ